000 00636nam a2200193Ia 4500
008 100921s9999 xx 000 0 und d
082 _b23890
_a891.463 थ 90
100 _aकाळे वैजयंती.
245 _aखानदान.
260 _bराजेंद्र प्रकाशन, पुणे.
260 _c1990
300 _a260
_bभावे पुस्तक भांडार,पुणे
365 _b90
520 _aललित-कादंबरी.
630 _aखानदान.
650 _aललित-कादंबरी.
730 _aखानदान.
942 _cBOOK
999 _c773003
_d773000